|
|
|
|
| LEADER |
00000cam a2200000 a 4500 |
| 001 |
vtls008366196 |
| 003 |
SK-MaSNL |
| 005 |
20260301221405.0 |
| 008 |
240314s1952 xo e n 000 0 slo |
| 015 |
|
|
|a SKSNBA19451955-001243
|
| 035 |
|
|
|a SK01SNKBKSFS20010058413
|
| 035 |
|
|
|a SKM000060876
|
| 040 |
|
|
|a SNK
|b slo
|c SNK
|e AACR2
|
| 041 |
1 |
|
|a slo
|h rus
|
| 043 |
|
|
|a r-ru---
|
| 043 |
|
|
|a e-ru---
|
| 044 |
|
|
|a xo
|c SK
|
| 072 |
|
7 |
|a 94(47+57)
|x Dejiny ZSSR a Ruska
|2 konspekt
|
| 072 |
|
7 |
|a 329
|x Politické strany a hnutia
|2 konspekt
|
| 080 |
|
|
|a 329.15
|2 2011
|
| 080 |
|
|
|a 329.1/.6
|2 2011
|
| 080 |
|
|
|a 94(470+571)
|2 2011
|
| 080 |
|
|
|a (048.8)
|2 2011
|
| 100 |
1 |
|
|a Burdžalov, Eduard Nikolajevič,
|d 1906-1985
|4 aut
|9 426129
|
| 240 |
1 |
0 |
|a Kratkij kurs istorii VKP (b) i istoričeskaja nauka
|l Slovensky
|
| 245 |
1 |
0 |
|a Stalinov krátky prehľad dejín VKS (b) a historická veda
|c E. Burdžalov ; (z ruského originálu ... preložil M. Bartko)
|
| 260 |
|
|
|a Bratislava
|b SAVU
|c 1952
|e Ružomberok
|f Severoslov. tlač.
|
| 300 |
|
|
|a 35 s.
|c 18 cm
|
| 366 |
|
|
|e 5000 výtl.
|
| 490 |
1 |
|
|a Malá knižnica socialistickej vedy
|v sv. 10
|
| 504 |
|
|
|a Bibliogr. odkazy
|
| 610 |
2 |
7 |
|a Vsesojuznaja kommunističeskaja partija (boľševikov)
|2 SVKKA
|9 174071
|
| 650 |
0 |
7 |
|a politické strany
|2 SNKPH
|9 3589
|
| 650 |
0 |
7 |
|a boľševizmus
|2 SNKPH
|9 4830
|
| 650 |
0 |
7 |
|a Bolshevism
|2 SNKPHeng
|9 295795
|
| 650 |
0 |
7 |
|a Political parties
|2 SNKPHeng
|9 275558
|
| 651 |
|
7 |
|a Rusko
|x dejiny
|2 SNKPHgeo
|9 163063
|
| 651 |
|
7 |
|a Russia
|x History
|2 SNKPHeng
|9 101487
|
| 655 |
|
7 |
|a prehľady
|2 SNKPH
|9 70194
|
| 655 |
|
7 |
|a Surveys
|2 SNKPHeng
|9 266058
|
| 700 |
1 |
|
|a Bartko, Michal,
|d 1923-2008
|4 trl
|9 131593
|
| 700 |
1 |
|
|a Bednář, I.
|4 bjd
|9 609704
|
| 830 |
|
0 |
|a Malá knižnica socialistickej vedy
|9 308922
|
| 852 |
|
|
|a Slovenská národná knižnica v Martine
|b 10000
|h MS SD 7623/10
|
| 958 |
|
|
|a OND
|
| 958 |
|
|
|a RK
|
| 958 |
|
|
|a TL
|
| 999 |
|
|
|c 935684
|d 937614
|
| 952 |
|
|
|a SNK
|b SNK
|y VYP
|7 0
|p 17A0748853
|o snkSD 7623/10 D1
|i snkF 7138/63
|8 5
|0 0
|1 0
|4 0
|d 2011-11-25
|l 0
|r 2026-02-24 09:02:22
|w 2026-02-24
|